| 000 | 00576nam a2200217 i 4500 | ||
|---|---|---|---|
| 001 | bgj | ||
| 100 | 1 |
_aDU MAURIER, Daphne _d(1907- ). |
|
| 245 | 1 | 0 |
_aThe Scapegoat / _cDaphne Du Maurier. |
| 260 |
_aGarden City, NY : _bDoubleday and Company, Inc., _c1957. |
||
| 300 |
_a348 pp ; _c22 cm. |
||
| 650 | 9 | _aAristocracy (Social class) | |
| 650 | 9 | _aBritish-France | |
| 650 | 9 | _aRomantic suspense novels | |
| 650 | 9 | _aLove stories | |
| 651 | 9 | _aFrance | |
| 655 | _aFiction | ||
| 040 | _cBPK | ||
| 041 | 0 | _aeng | |
| 942 | _cKS | ||
| 008 | s uk f |000 0 eng | ||
| 999 |
_c48674 _d48674 |
||
| 856 |
_uhttp://koha.tu.koszalin.pl/cgi-bin/koha/opac-detail.pl?biblionumber=48674 _yKatalog online BPK |
||